000 01369cam a22003377a 4500
999 _c27271
_d27271
001 16608810
005 20170208090356.0
008 110112s2009 wiua b 001 0 eng d
010 _a 2009907452
020 _a9780891181705
035 _a(OCoLC)ocn430842880
040 _aBTCTA
_cBTCTA
_dGZM
_dSDB
_dNDD
_dYDXCP
_dUIU
_dAGL
_dDLC
042 _alccopycat
050 0 0 _aS592.6 .N5
_bN573 2009
070 0 _aS592.6
_b .N5E44 2009
245 0 0 _aNitrogen fixation in crop production /
_cDavid W. Emerich and Hari B. Krishnan, [editors].
260 _aMadison, WI :
_bAmerican Society of Agronomy :
_bCrop Science Society of America :
_bSoil Science Society of America,
_cc2009.
300 _a[xvii], 421 p. :
_bill. ;
_c24 cm.
490 0 _aAgronomy monograph ;
_vno. 52
504 _aIncludes bibliographical references and index.
650 0 _aCrops and nitrogen.
650 0 _aNitrogen
_xFixation.
700 1 _aEmerich, David W.
_q(David William)
700 1 _aKrishnan, Hari
_q(Hari B.)
710 2 _aAmerican Society of Agronomy.
710 2 _aCrop Science Society of America.
710 2 _aSoil Science Society of America.
942 _2lcc
_cBOOKS
_hS592.6 .N5E44 2009